Normal view
MARC view
- Chamers, E K .
Entry Personal Name
001 - CONTROL NUMBER
- control field: 1955
003 - CONTROL NUMBER IDENTIFIER
- control field: OSt
005 - DATE AND TIME OF LATEST TRANSACTION
- control field: 20161020142144.0
008 - FIXED-LENGTH DATA ELEMENTS
- fixed length control field: 161020|| aca||aabn | a|a d
040 ## - CATALOGING SOURCE
- Original cataloging agency: OSt
- Transcribing agency: OSt
100 ## - HEADING--PERSONAL NAME
- Personal name: Chamers, E K .
670 ## - SOURCE DATA FOUND
- Source citation: Work cat.: (OSt)4854: Chamers, E K ., Oxford Book of Sixteenth Century Verse / , 1955.
